Khảo sát talk show đối thoại trẻ trên kênh VTV6 - Đài truyền hình Việt Nam năm 2011
Những vấn đề chung. Khảo sát talk show đối thoại trẻ trên kênh VTV6 hình Việt Nam năm 2011. Khảo sát mức độ hài lòng của khán giả và một số đánh giá - đề xuất nhằm hoàn thiện talk show đối thoại trẻ trên kênh VTV6
Сохранить в:
| Главный автор: | |
|---|---|
| Другие авторы: | |
| Формат: | |
| Язык: | Vietnamese |
| Опубликовано: |
Đà Nẵng
Đại học Sư phạm, Đại học Đà Nẵng
2012
|
| Предметы: | |
| Метки: |
Добавить метку
Нет меток, Требуется 1-ая метка записи!
|
| Thư viện lưu trữ: | Mạng thư viện Đại học Đà Nẵng |
|---|
| LEADER | 01850nam a2200349 4500 | ||
|---|---|---|---|
| 001 | 000017024 | ||
| 003 | 13435 | ||
| 005 | 20130128150156.0 | ||
| 008 | 130128s2012 viesd | ||
| 041 | 0 | |a vie | |
| 082 | |a 070.4 |b TR-T | ||
| 100 | 1 | |a Trần Thị Thu Thảo | |
| 245 | |a Khảo sát talk show đối thoại trẻ trên kênh VTV6 - Đài truyền hình Việt Nam năm 2011 |c Trần Thị Thu Thảo ; Trần Thị Yến Minh hướng dẫn |k Khóa luận tốt nghiệp | ||
| 260 | |a Đà Nẵng |b Đại học Sư phạm, Đại học Đà Nẵng |c 2012 | ||
| 300 | |a 72 tr., phụ lục 10 tr. |b Hình ảnh mh. |c 29 cm. | ||
| 500 | |a Khóa luận tốt nghiệp đại học. Chuyên ngành: Cử nhân báo chí | ||
| 504 | |a Mục lục đầu trang, tài liệu tham khảo tr. 73 - 74, phụ lục [13 tr.] | ||
| 520 | |a Những vấn đề chung. Khảo sát talk show đối thoại trẻ trên kênh VTV6 hình Việt Nam năm 2011. Khảo sát mức độ hài lòng của khán giả và một số đánh giá - đề xuất nhằm hoàn thiện talk show đối thoại trẻ trên kênh VTV6 | ||
| 600 | 1 | 4 | |b Vua |c Đinh Tiên Hoàng |
| 650 | 0 | 4 | |a Chương trình truyền hình |v Khóa luận tốt nghiệp |x Talk show |y 2011 |z Việt Nam |
| 653 | |a Trò chơi truyền hình |a Khoa Ngữ văn | ||
| 700 | |a Trần Thị Yến Minh |e Hướng dẫn | ||
| OWN | |a LSP | ||
| AVA | |a UDN50 |b LSP |d 070.4 TR-T |e available |t Error 5001 Not defined in file expand_doc_bib_avail. |f 1 |g 0 |h N |i 0 |k 1 | ||
| 999 | |a From the UDN01 | ||
| AVA | |a UDN50 |b LSP |d 070.4 TR-T |e available |t Error 5001 Not defined in file expand_doc_bib_avail. |f 1 |g 0 |h N |i 0 |k 1 | ||
| TYP | |a Monograph | ||
| TYP | |a Printed language | ||
| 980 | |a Mạng thư viện Đại học Đà Nẵng | ||